000 00633nam a2200241 i 4500
001 C2-0337914
003 PPAK
005 20180728140451.0
008 160925s2015 my |||| ||||| | may d
020 _a9789671318782
040 _aPPAK
_beng
_cPPAK
_erda
082 0 4 _a899.233
_223
090 0 0 _a899.233
_bFAT
_dG
100 0 _aFathi Fatim,
_eauthor
245 1 0 _aSufi Indera
264 1 _aShah Alam, Selangor :
_bBes Q Publication ,
_c2015
300 _a667 pages ;
_c19 cm
336 _2rdacontent
_atext
337 _2rdamedia
_aunmediated
338 _2rdacarrier
_avolume
650 1 0 _aMalay fiction.
942 _ddc
_cB
999 _c135402
_d135402